Wordt geladen...
Finding out in education: a guide to sources of information
| Hoofdauteur: | |
|---|---|
| Formaat: | Printed Book |
| Taal: | English |
| Gepubliceerd in: |
United Kingdom, Longman
1990 |
| Onderwerpen: |
| LEADER | 007440000a22002530004500 | ||
|---|---|---|---|
| 020 | |a 0582067545 | ||
| 041 | |a eng | ||
| 082 | |a 370 N0 | ||
| 100 | |a Clarke, Peter B |9 119172 | ||
| 245 | |a Finding out in education: a guide to sources of information | ||
| 260 | |a United Kingdom, Longman | ||
| 260 | |a 1990 | ||
| 465 | |a P 25 | ||
| 650 | |a Annual reports |9 119173 | ||
| 650 | |a Bibiliographies |9 101468 | ||
| 650 | |a Dictionaries |9 119174 | ||
| 650 | |a Education |9 119175 | ||
| 650 | |a Encyclopaedia |9 119176 | ||
| 650 | |a Information sources |9 119177 | ||
| 650 | |a Preiodicals |9 101472 | ||
| 650 | |a Yearbooks |9 119178 | ||
| 942 | |c BK | ||
| 999 | |c 167968 |d 167964 | ||
| 952 | |0 0 |1 0 |4 0 |7 0 |9 166399 |a SPS |b SPS |d 2019-04-16 |l 0 |p SPS00780 |r 2019-04-16 |w 2019-04-16 |y BK | ||